| 000 | 00356 a2200145 4500 | ||
|---|---|---|---|
| 005 | 20250411153817.0 | ||
| 020 | _a85505 002 0 | ||
| 082 | _a657 COY | ||
| 100 | _aCOY, J. | ||
| 245 | _aAccounting Case Problems | ||
| 260 |
_aHayburn Road, _bPolytech, _c1970. |
||
| 300 |
_a151p.: ill.; table. _c21cm. |
||
| 700 | _aCLARK, A. C. & KEERS, S. | ||
| 942 |
_2ddc _cBKS |
||
| 999 |
_c1321 _d1321 |
||